<?xml version="1.0" encoding="UTF-8"?>
<collection xmlns="http://www.loc.gov/MARC21/slim">
 <record>
  <leader>03559nam a2200457 a 4500</leader>
  <controlfield tag="001">TVCDKTCT9225</controlfield>
  <controlfield tag="003">Thư viện trường Cao đẳng Kỹ thuật Cao Thắng</controlfield>
  <controlfield tag="005">20170525140321.9</controlfield>
  <controlfield tag="008">080425</controlfield>
  <datafield tag="980" ind1="\" ind2="\">
   <subfield code="a">Thư viện Trường CĐ Kỹ Thuật Cao Thắng</subfield>
  </datafield>
  <datafield tag="024" ind1=" " ind2=" ">
   <subfield code="a">RG_1 #1 eb0 i1</subfield>
  </datafield>
  <datafield tag="041" ind1="0" ind2="#">
   <subfield code="a">vie</subfield>
  </datafield>
  <datafield tag="082" ind1="#" ind2="#">
   <subfield code="a">384 / </subfield>
   <subfield code="b">M400P-ng</subfield>
  </datafield>
  <datafield tag="100" ind1="1" ind2="#">
   <subfield code="a">Nguyễn Viết Đảm</subfield>
  </datafield>
  <datafield tag="245" ind1="0" ind2="0">
   <subfield code="a">Mô phỏng hệ thống viễn thông và ứng dụng Matlab / </subfield>
   <subfield code="c">Nguyễn Viết Đảm</subfield>
  </datafield>
  <datafield tag="250" ind1="#" ind2="#">
   <subfield code="a">In lần thứ 1</subfield>
  </datafield>
  <datafield tag="260" ind1="#" ind2="#">
   <subfield code="a">H. : </subfield>
   <subfield code="b">Bưu điện , </subfield>
   <subfield code="c">2007</subfield>
  </datafield>
  <datafield tag="300" ind1="#" ind2="#">
   <subfield code="a">474tr. ; </subfield>
   <subfield code="c">27cm</subfield>
  </datafield>
  <datafield tag="520" ind1="#" ind2="#">
   <subfield code="a">Chương 1. Vai trò của mô phỏng.</subfield>
  </datafield>
  <datafield tag="520" ind1="#" ind2="#">
   <subfield code="a">Chương 10. Mô phỏng monte carlo hệ thống truyền thông</subfield>
  </datafield>
  <datafield tag="520" ind1="#" ind2="#">
   <subfield code="a">Chương 11. Phương pháp luận mô phỏng hệ thống vô tuyến</subfield>
  </datafield>
  <datafield tag="520" ind1="#" ind2="#">
   <subfield code="a">Chương 12. Mô hình hóa và mô phỏng thiết bị</subfield>
  </datafield>
  <datafield tag="520" ind1="#" ind2="#">
   <subfield code="a">Chương 13: Mô hình hóa và mô phỏng hệ thống thay đổi theo thời gian</subfield>
  </datafield>
  <datafield tag="520" ind1="#" ind2="#">
   <subfield code="a">Chương 14: Mô hình hóa và mô phỏng kênh dạng sóng</subfield>
  </datafield>
  <datafield tag="520" ind1="#" ind2="#">
   <subfield code="a">Chương 15: Mô hình kênh rời rạc</subfield>
  </datafield>
  <datafield tag="520" ind1="#" ind2="#">
   <subfield code="a">Chương 16: Các kỹ thuật mô phỏng hiệu quả</subfield>
  </datafield>
  <datafield tag="520" ind1="#" ind2="#">
   <subfield code="a">Chương 17: Mô phỏng hệ thống vô tuyến tế bào</subfield>
  </datafield>
  <datafield tag="520" ind1="#" ind2="#">
   <subfield code="a">Chương 18: Mô phỏng hệ thống CDMA và FDMA đơn giản</subfield>
  </datafield>
  <datafield tag="520" ind1="#" ind2="#">
   <subfield code="a">Chương 2. Phương pháp luận mô phỏng</subfield>
  </datafield>
  <datafield tag="520" ind1="#" ind2="#">
   <subfield code="a">Chương 3. Lấy mẫu và lượng tử</subfield>
  </datafield>
  <datafield tag="520" ind1="#" ind2="#">
   <subfield code="a">Chương 4. Mô hình mô phỏng thông thấp cho tín hiệu và hệ thống thông đài</subfield>
  </datafield>
  <datafield tag="520" ind1="#" ind2="#">
   <subfield code="a">Chương 5. Mô hình bộ lọc và kỹ thuật mô phỏng</subfield>
  </datafield>
  <datafield tag="520" ind1="#" ind2="#">
   <subfield code="a">Chương 6. Vòng khóa pha và phương pháp giải phương trình vi phân</subfield>
  </datafield>
  <datafield tag="520" ind1="#" ind2="#">
   <subfield code="a">Chương 7: Tạo và xử lýtín hiệu ngẫu nhiên.</subfield>
  </datafield>
  <datafield tag="520" ind1="#" ind2="#">
   <subfield code="a">Chương 8 Hậu xử lý</subfield>
  </datafield>
  <datafield tag="520" ind1="#" ind2="#">
   <subfield code="a">Chương 9 Giới thiệu phương pháp monteb carlo</subfield>
  </datafield>
  <datafield tag="520" ind1="#" ind2="#">
   <subfield code="a">Cuốn sách được xây dựng theo cấu trúc mô đun, thích hợp cho cả bạn đọc chỉ có nhu cầu tìm hiểu tổng quan tới các bạn đọc là các kỹ sư, cán bộ khoa học đang hoạt động trong lĩnh vực viễn thông có nhu cầu nghiên cứu chuyên sâu xử lý tín hiệu số (DSP). Với sự hỗ trợ mạnh mẽ của phần mềm Matlab, tác giả đã xây dựng nhiều hàm nhằm làm sáng tỏ các công thức toán học mang tới cái nhìn trực quan cho bạn đọc.Cuốn sách còn có đĩa CD-ROM kèm theo, chứa đựng chương trình, hàm mô phỏng viết bằng ngôn ngữ Matlab cùng một số chuyên mục chi tiết dành cho bạn đọc cần tìm hiểu sâu hơn. Cuốn sách được trình bày trong 18 chương ;</subfield>
  </datafield>
  <datafield tag="520" ind1="#" ind2="#">
   <subfield code="a">Ngoài ra sách còn có giải thích các thuật ngữ viết tắt giúp bạn đọc tra cứu thuận tiện cho việc học.</subfield>
  </datafield>
  <datafield tag="650" ind1="#" ind2="4">
   <subfield code="a">Hệ thống viễn thông--Matlab</subfield>
  </datafield>
  <datafield tag="721" ind1="#" ind2="#">
   <subfield code="a">CNKT Điện tử viễn thông</subfield>
  </datafield>
  <datafield tag="841" ind1="#" ind2="#">
   <subfield code="b">Kho Sách </subfield>
   <subfield code="j">100024286, 100024287, 100024291, 100024336, 100024337, 100024338, 100024342, 100024343, 100024346, 100024347</subfield>
  </datafield>
 </record>
</collection>
